000
00358nam a2200145Ia 4500
001
460
008
241024s9999 xx 000 0 und d
020
_a
978-9945-406-80-1
082
_a
RD/333.91/F727p
100
_a
[*SIN AUTOR*]
245
0
_a
Primer Foro del Agua Santo Domingo
260
_b
INAPA
_c
2007
901
_a
10/11/2010 1:30:16 p.m.
999
_c
9680
_d
9680